000 00787nam a2200265Ia 4500
003 OSt
005 20220928112630.0
006 a|||||r|||| 00| 0
007 ta
008 220927b |||||||| |||| 00| 0 eng d
020 _c5506.4639999999999
024 _a103015
037 _b26, 03/12/2009, Om Book Distributors
_cTextual
040 _aSDCL
_cSDCL
_beng
041 _2eng
_aeng
082 _aX:991:(Z), P9
100 _aBlackstone
_9422146
245 0 _aEmployment law practice ,2009.Ed by John Bowers
250 _a5
260 _aOxford
_bOxford University Press
_c2009
300 _alxxvii,1017p
_ccm.
650 _aCommerce
_9353036
942 _hX:991:(Z), P9
_cTEXL
_2CC
999 _c745508
_d745508